000 00330nam a2200145Ia 4500
008 230718s9999 xx 000 0 und d
041 _aEng.
082 _a396.066
_bIBR-C
100 _aIbrahim,Hasnain,Kazmi
245 0 _aCompany law
260 _aPakistan
_bEastern law
_c2014
300 _a1619
650 _aLaw
999 _c31741
_d31741